000 00934nam a2200229Ia 4500
003 OSt
005 20250623100331.0
008 220926b |||||||| |||| 00| 0 eng d
037 _cReference Collections
040 _aRTL
_cRTL
_beng
041 _2eng
_aeng
084 _aB13 M6/SC/RR
_qRTL
100 _aWells, David
_9370995
245 0 _aPenguin dictionary of curious and interesting numbers
260 _aHarmondsworth
_bPenguin Books
_c1986
300 _a228 p.
_ccm.
_bIncludes index
520 _aThis dictionary of numbers, arranged in order of magnitude, exposes the fascinating facts about certain numbers and number sequences. The aim of the book is to entertain and enthral the reader, which it certainly does.
650 _aDictionary- Mathematics
_9813602
650 _aDictionary- Mathematics- Numbers
_9813603
942 _hB13 M6/SC/RR
_cREF
_2CC
_n0
999 _c691244
_d691244